• 首页
  • 本馆介绍
  • 公告通知
  • 最新文献
  • 馆藏检索
  • 电子资源
  • 读者导购
  • 参考咨询
  • 我的图书馆
  • 登录
  • 详细信息显示
  • 放入我的书架
  • 预约/预借图书
  • 作者相关作品
  • 分类相关作品
  • 丛书相关作品
  • 出版社相关作品

书目信息

  • 表格格式
  • 工作单格式
  • 卡片格式
题名:
零件与材料重量计算手册
    
 
作者: ;第五机械工业部第五设计院三大队 编
分册:  
出版信息: 北京   机械工业出版社  1977
页数: 195页
开本: 26cm
丛书名:
单 册:
中图分类: TH123
科图分类:
主题词: 机械-重量--计算--手册 , 重量-机械--计算--手册
电子资源:
ISBN: 15033.4349
000 00784nam0 2200241 450
001 0177003289
005 20100712215304.0
010    @a15033.4349@dCNY0.90
091    @a15033.4349@d¥0.90
100    @a19951017d1977 em y0chiy0110 ea
101 0  @achi
102    @aCN@b110000
105    @ay z 000yy
106    @ar
200 1  @a零件与材料重量计算手册@9Ling Jian Yu Cai Liao Zhong;Chong Liang Ji Suan Shou Ce @f第五机械工业部第五设计院三大队编
210    @a北京@c机械工业出版社@d1977
215    @a195页@d26cm
606 0  @a机械-重量@x计算@x手册
606 0  @a重量-机械@x计算@x手册
690    @aTH123@v3
711 02 @a第五机械工业部第五设计院三大队@9di wu ji xie gong ye bu di wu she ji yuan san da dui@4编
801  0 @aCN@bAzMarc@c20130904
905    @aBZT@dTH123@e6@f3@sTH123/6
    
    零件与材料重量计算手册/第五机械工业部第五设计院三大队编.-北京:机械工业出版社,1977
    195页;26cm
    
    
    ISBN 15033.4349:CNY0.90
    
●
相关链接 在五车中查询图书 在当当中查询图书 在豆瓣中查询图书


正题名:零件与材料重量计算手册     索取号:TH123/6         预约/预借

序号 登录号 条形码 馆藏地/架位号 状态 备注
1 2000088180   2000088180   旧书回溯/ [索取号:TH123/6] 在馆    
2 2000088181   2000088181   旧书回溯/ [索取号:TH123/6] 在馆    
3 2000088182   2000088182   旧书回溯/ [索取号:TH123/6] 在馆    
山东省滨州职业学院图书馆 欢迎您!
大连网信软件有限公司© 版权所有